Devinez la Capitale Mystère #129 - Statistiques

Statistiques générales
  • Ce quiz a été pris 108 fois
  • Le résultat moyen est 28 sur 36
Statistiques - réponses
Type de Réponse Réponse % Correct
Lettre de l'Alphabet A
100%
Lettre de l'Alphabet I
100%
Lettre de l'Alphabet R
100%
Lettre de l'Alphabet S
100%
Lettre Trouvée N
99%
Lettre Trouvée P
99%
Lettre Trouvée O
97%
Lettre Bien Placée P
97%
Lettre Trouvée E
96%
Lettre de l'Alphabet T
96%
Lettre Trouvée M
92%
Lettre de l'Alphabet B
90%
Lettre de l'Alphabet L
90%
Lettre de l'Alphabet U
90%
Lettre de l'Alphabet D
89%
Lettre de l'Alphabet K
85%
Lettre de l'Alphabet G
82%
Lettre de l'Alphabet C
81%
Lettre de l'Alphabet V
81%
Lettre Trouvée H
79%
Lettre Bien Placée N
78%
Lettre de l'Alphabet W
71%
Lettre de l'Alphabet Y
71%
Lettre Bien Placée O
65%
Lettre Bien Placée M
64%
Lettre de l'Alphabet Z
64%
Lettre de l'Alphabet J
63%
Lettre de l'Alphabet X
63%
Lettre Bien Placée E
61%
Lettre de l'Alphabet F
58%
Lettre Bien Placée N
58%
Lettre de l'Alphabet Q
54%
Lettre Bien Placée H
53%
Lettre Bien Placée H
53%
Lettre Bien Placée P
53%
Capitale Mystère Phnom Penh
53%
Aucun quiz correspondant
Distribution des résultats
% des personnes avec chaque résultat
Percentile par nombre de réponses
Votre historique - résultats
Vous n’avez pas pris ce quiz